National motto quiz #1 - Statistics

General Stats
  • This quiz has been taken 12 times
  • The average score is 13 of 20
Answer Stats
Motto Country % Correct
"Liberté, égalité, fraternité" (liberty, equality, fraternity) France
92%
"Esteqlāl, Āzādi, Jomhuri-ye Eslāmi" (independence, freedom, the islamic republic) Iran
92%
"In God We Trust" United States
92%
"Ordem e Progresso" (order and progress) Brazil
83%
"Elefthería í Thánatos" (freedom or death) Greece
83%
"För Sverige – i tiden" (for ____ with the times) Sweden
83%
"Bhinneka Tunggal Ika" (unity in diversity) Indonesia
75%
"Allāhu Akbar" (god is the greatest) Iraq
75%
"Ik zal handhaven" (I will uphold) Netherlands
75%
"Firme y feliz por la unión" (firm and happy for the union) Peru
75%
"Für Gott, Fürst und Vaterland" (for god, prince and fatherland) Liechtenstein
67%
"Dios y Federación" (god and federation) Venezuela
67%
"بالشّعب وللشّعب" (by the people and for the people) Algeria
50%
"¡Patria o Muerte, Venceremos!" (homeland or death, we shall overcome) Cuba
50%
"L'union fait la force" (unity makes strength) Belgium
42%
"A mari usque ad mare" (from sea to sea) Canada
42%
"Īmān, Ittihād, Nazam" (faith, unity, discipline) Pakistan
42%
"Rerevaka na Kalou ka Doka na Tui" (fear god and honour the queen) Fiji
33%
"Hongik ingan" (devotion to human welfare) South Korea
33%
"ǃke e꞉ ǀxarra ǁke" (unity in diversity) South Africa
25%
No matching quizzes found
Score Distribution
Percent of People with Each Score
Percentile by Number Answered
Your Score History
You have not taken this quiz